00682pam a2200229 i 45000010008000000030004000080050017000120080041000290100013000700200015000830400018000980820016001161000016001322450082001482600044002303000028002744900033003025040040003356500019003756500025003948300033004194003961OSt20181218171219.0780524s1978 miua b 000 0 eng  a78017227 a031037281X aDLCcDLCdCDC a248.4bE34L1 aEims, LeRoy14aThe lost art of disciple making /cLeRoy Eims ; foreword by Robert E. Coleman aGrand Rapids :bZondervan Corp.,cc1978 a188 p. :bill. ;c21 cm1 aJames T. Jeremiah collection aIncludes bibliographical references 0aChristian life 0aChristian leadership 0aJames T. Jeremiah collection